| 000 | 00367nam a22001571a 4500 | ||
|---|---|---|---|
| 999 |
_c22883 _d22883 |
||
| 020 | _a9788171805334 | ||
| 082 |
_aM3 _bSKP/K |
||
| 100 | _aS K Pottekkat | ||
| 245 |
_aKarampoo/ _cby S K Pottekkat |
||
| 260 |
_aKozhikode: _bPoorna, _c1996. |
||
| 300 | _a68p. | ||
| 650 | _aNovel Malayalam | ||
| 650 | _aLiterature Malayalam | ||
| 650 | _aLiterature | ||
| 942 | _cBK | ||